| 000 -LEADER |
| fixed length control field |
01096nam a2200157Ia 4500 |
| 001 - CONTROL NUMBER |
| control field |
11535 |
| 003 - CONTROL NUMBER IDENTIFIER |
| control field |
GE_BSU |
| 008 - FIXED-LENGTH DATA ELEMENTS--GENERAL INFORMATION |
| fixed length control field |
181216s||||||||xx |||||||||||||| ||und|| |
| 040 ## - CATALOGING SOURCE |
| Transcribing agency |
GE_BSU |
| 080 ## - UNIVERSAL DECIMAL CLASSIFICATION NUMBER |
| Universal Decimal Classification number |
091(=35.1) |
| 245 ## - TITLE STATEMENT |
| Title |
საქართველოს სახელმწიფო მუზეუმის ქართულ ხელნაწერთა აღწერილობა. |
| 245 ## - TITLE STATEMENT |
| Remainder of title |
საქართველოს საისტორიო და საეთნოგრაფიო საზოგადოების ყოფილი მუზეუმის ხელნაწერები(H კოლექცია). ტ. II. |
| 245 ## - TITLE STATEMENT |
| Statement of responsibility, etc. |
შედგენილია და დასაბეჭდად დამზადებულია ლილი ქუთათელაძის მიერ.ილის აბულაძის რედ. |
| 653 ## - INDEX TERM--UNCONTROLLED |
| Uncontrolled term |
საქართველოს სახელმწიფო მუზეუმის ქართულ ხელნაწერთა არწერილობა. |
| 942 ## - ADDED ENTRY ELEMENTS (KOHA) |
| Koha item type |
წიგნი |